000 00475nam a2200157 a 4500
001 000036937
005 20200930080031.0
008 120207s19uu 000 0 spa d
020 _a0984063943
040 _aDO-SdBNP
_bspa
_cBNPHU
082 _axxxx
_bxxxx
100 1 _aRamos, Marcos Antonio
_934254
245 1 0 _aHacia los orĂ­genes :
_bdominicanos en la historia de cuba /
_cMarcos Antonio Ramos.
260 _a[s.l.],
_c[s.e.].
_c[s. f.].
300 _a94 p. :
_bil ;
_c22 cm.
999 _c36427
_d36427